[Event "Helsingor Xtracon op"]
[Site "Helsingor"]
[Date "2019.07.28"]
[Round "10"]
[White "Hinrichs, Lars"]
[Black "Andersson, Lars"]
[Result "1-0"]
[WhiteElo "2234"]
[BlackElo "1990"]
[PlyCount "69"]
[EventDate "2019.07.20"]
[EventType "swiss"]
[EventRounds "10"]
[EventCountry "DEN"]
[SourceTitle "CBM 191 Extra"]
[Source "ChessBase"]
[SourceDate "2019.09.30"]
[SourceVersion "1"]
[SourceVersionDate "2019.09.30"]
[SourceQuality "1"]

1. e4 c6 2. d4 d5 3. e5 c5 4. dxc5 e6 5. a3 Nc6 6. Nf3 Bxc5 7. b4 Bb6 8. Bb2 Nge7 9. Bd3 Ng6 10. 0-0 0-0 11. Re1 f6 12. exf6 gxf6 13. c4 dxc4 14. Bxc4 Qxd1 15. Rxd1 Nge5 16. Nxe5 Nxe5 17. Bb3 Nc6 18. Nc3 Nd4 19. Bc4 Nc6 20. Ne4 Bd8 21. Nd6 Kg7 22. Nxc8 Rxc8 23. Bxe6 Rc7 24. Kf1 Re8 25. Bd7 Rf8 26. f4 Nb8 27. Bf5 Be7 28. Rac1 Rxc1 29. Rxc1 Bd6 30. g3 Nc6 31. Be4 Nd8 32. Rd1 Bc7 33. Rd7+ Rf7 34. Rxf7+ Kxf7 35. Bxh7 1-0

[Event "Helsingor Xtracon op"]
[Site "Helsingor"]
[Date "2019.07.25"]
[Round "7"]
[White "Hinrichs, Lars"]
[Black "Lilja, Richard"]
[Result "1-0"]
[WhiteElo "2234"]
[BlackElo "2126"]
[PlyCount "87"]
[EventDate "2019.07.20"]
[EventType "swiss"]
[EventRounds "10"]
[EventCountry "DEN"]
[SourceTitle "CBM 191 Extra"]
[Source "ChessBase"]
[SourceDate "2019.09.30"]
[SourceVersion "1"]
[SourceVersionDate "2019.09.30"]
[SourceQuality "1"]

1. d4 g6 2. e4 Bg7 3. Nf3 d6 4. Bc4 a6 5. a4 b6 6. Qe2 Bb7 7. 0-0 e6 8. Re1 Nd7 9. Nbd2 Ne7 10. c3 0-0 11. Bb3 e5 12. Nf1 h6 13. Ng3 c5 14. dxe5 dxe5 15. h4 Qc7 16. h5 Kh7 17. Nh2 Nf6 18. f3 Bc8 19. Ng4 Nxh5 20. Nxh5 gxh5 21. Ne3 Bf6 22. Nd5 Nxd5 23. exd5 Bf5 24. Bc2 Bg6 25. c4 Rae8 26. a5 Bh4 27. Rd1 Bg3 28. Be3 e4 29. fxe4 Bxe4 30. d6 Bxd6 31. axb6 Bh2+ 32. Kh1 Qg3 33. Bxe4+ Rxe4 34. Qxh5 Rh4 35. Qf5+ Kg8 36. Bf2 Bg1+ 37. Kxg1 Qh2+ 38. Kf1 Qh1+ 39. Bg1 Rh5 40. Qf2 Rg5 41. Rd5 f6 42. Rxg5+ hxg5 43. Qxc5 g4 44. Qxf8+ 1-0

[Event "Helsingor Xtracon op"]
[Site "Helsingor"]
[Date "2019.07.23"]
[Round "5"]
[White "Miedema, David"]
[Black "Hinrichs, Lars"]
[Result "0-1"]
[WhiteElo "2387"]
[BlackElo "2234"]
[PlyCount "110"]
[EventDate "2019.07.20"]
[EventType "swiss"]
[EventRounds "10"]
[EventCountry "DEN"]
[SourceTitle "CBM 191 Extra"]
[Source "ChessBase"]
[SourceDate "2019.09.30"]
[SourceVersion "1"]
[SourceVersionDate "2019.09.30"]
[SourceQuality "1"]

1. e4 e6 2. d4 d5 3. Nc3 Nf6 4. e5 Nfd7 5. f4 c5 6. Nf3 Nc6 7. Be3 Be7 8. Qd2 0-0 9. dxc5 Qa5 10. Nb5 Qxd2+ 11. Kxd2 Nxc5 12. Re1 Bd7 13. Nbd4 Rfc8 14. Nxc6 bxc6 15. c4 Na4 16. Kc2 c5 17. Bd3 Nb6 18. Nd2 Bc6 19. Re2 Rab8 20. Rc1 f5 21. exf6 Bxf6 22. b3 dxc4 23. Nxc4 Nd5 24. Bd2 Re8 25. Ne5 Bxe5 26. Rxe5 Nb4+ 27. Bxb4 cxb4 28. Bc4 Bxg2 29. f5 Bh3 30. fxe6 Re7 31. Rce1 g6 32. Kd3 Kg7 33. Kd4 Kf6 34. Ra5 Rb6 35. Ra4 h5 36. Kc5 Rc7+ 37. Kd4 Bxe6 38. Bxe6 Rxe6 39. Rxe6+ Kxe6 40. h4 Rc2 41. Ke3 a5 42. Kf3 Rc5 43. Kf4 Kf6 44. a3 Rb5 45. Kg3 bxa3 46. Rxa3 Kf5 47. Kh3 Ke4 48. Kh2 Kd4 49. Ra1 g5 50. hxg5 Rxg5 51. Rf1 Kc3 52. Rf3+ Kb2 53. Rh3 Rb5 54. Kg2 Rxb3 55. Rxh5 a4 0-1

[Event "Oberliga Nord N 1819"]
[Site "Germany"]
[Date "2019.03.24"]
[Round "8.6"]
[White "Jaeckle, Marco"]
[Black "Hinrichs, Lars"]
[Result "1-0"]
[WhiteElo "2225"]
[BlackElo "2233"]
[PlyCount "63"]
[EventDate "2018.10.21"]
[EventType "team-tourn"]
[EventRounds "9"]
[EventCountry "GER"]
[SourceTitle "EXT 2020"]
[Source "ChessBase"]
[SourceDate "2019.10.17"]
[SourceVersion "1"]
[SourceVersionDate "2019.10.17"]
[SourceQuality "1"]
[WhiteTeam "Hamburg Schachfreunde"]
[BlackTeam "Hamburger SK III"]
[WhiteTeamCountry "GER"]
[BlackTeamCountry "GER"]

1. e4 e6 2. d4 d5 3. e5 c5 4. c3 Nc6 5. g3 Qb6 6. Ne2 Bd7 7. Bh3 h5 8. 0-0 cxd4 9. cxd4 Be7 10. Nbc3 g5 11. Rb1 a5 12. Be3 Nh6 13. Nxd5 exd5 14. Bxd7+ Kxd7 15. Nc3 Ng4 16. Nxd5 Qd8 17. Qf3 Ke8 18. Rbc1 Nxe3 19. fxe3 Rh7 20. a3 a4 21. Qf5 Rg7 22. Qe4 Rg6 23. Rf5 Ra5 24. Nc3 Qd7 25. Rcf1 Nd8 26. Rxf7 Qc6 27. d5 Rxd5 28. Rxe7+ Kxe7 29. Nxd5+ Ke8 30. Qf3 Kd7 31. Nf6+ Kc7 32. Qxh5 1-0

[Event "Bayern-chI Bank Hofmann 22nd"]
[Site "Tegernsee"]
[Date "2018.10.29"]
[Round "3"]
[White "Hinrichs, Lars"]
[Black "Kick, Joachim"]
[Result "1/2-1/2"]
[WhiteElo "2233"]
[BlackElo "2070"]
[PlyCount "38"]
[EventDate "2018.10.27"]
[EventType "swiss"]
[EventRounds "9"]
[EventCountry "GER"]
[SourceTitle "CBM 187 Extra"]
[Source "ChessBase"]
[SourceDate "2018.11.04"]
[SourceVersion "1"]
[SourceVersionDate "2018.11.04"]
[SourceQuality "1"]

1. e4 e5 2. Nf3 Nc6 3. Nc3 Nf6 4. Be2 d5 5. exd5 Nxd5 6. 0-0 Nxc3 7. bxc3 Bd6 8. d4 exd4 9. cxd4 0-0 10. Bg5 f6 11. Bh4 Bg4 12. c3 b6 13. Re1 Ne7 14. Nd2 Bxe2 15. Qxe2 Qd7 16. Qc4+ Kh8 17. f3 Rae8 18. Bf2 Nd5 19. Ne4 c6 1/2-1/2

[Event "Bayern-chI Bank Hofmann 22nd"]
[Site "Tegernsee"]
[Date "2018.10.28"]
[Round "2"]
[White "Petrosyan, Manuel"]
[Black "Hinrichs, Lars"]
[Result "1-0"]
[WhiteElo "2574"]
[BlackElo "2233"]
[PlyCount "41"]
[EventDate "2018.10.27"]
[EventType "swiss"]
[EventRounds "9"]
[EventCountry "GER"]
[SourceTitle "CBM 187 Extra"]
[Source "ChessBase"]
[SourceDate "2018.11.04"]
[SourceVersion "1"]
[SourceVersionDate "2018.11.04"]
[SourceQuality "1"]

1. d4 Nf6 2. c4 e6 3. Nf3 b6 4. g3 Ba6 5. b3 Bb4+ 6. Bd2 Be7 7. Nc3 0-0 8. Bg2 c6 9. e4 d5 10. exd5 cxd5 11. Ne5 Bb7 12. 0-0 Nc6 13. Bf4 Rc8 14. Rc1 Ba3 15. Rc2 dxc4 16. Nb5 Bb4 17. bxc4 Qe7 18. a3 Bxa3 19. Nxc6 Bxc6 20. Bxc6 Rxc6 21. Qf3 1-0

[Event "Helsingor Xtracon op"]
[Site "Helsingor"]
[Date "2018.07.22"]
[Round "3"]
[White "Hoi, Carsten"]
[Black "Hinrichs, Lars"]
[Result "1/2-1/2"]
[WhiteElo "2389"]
[BlackElo "2185"]
[PlyCount "59"]
[EventDate "2018.07.21"]
[EventType "swiss"]
[EventRounds "10"]
[EventCountry "DEN"]
[SourceTitle "CBM 185 Extra"]
[Source "ChessBase"]
[SourceDate "2018.07.29"]
[SourceVersion "1"]
[SourceVersionDate "2018.07.29"]
[SourceQuality "1"]

1. d4 d6 2. Nf3 Nf6 3. c4 g6 4. Nc3 Bf5 5. Bg5 Bg7 6. e3 Ne4 7. Nxe4 Bxe4 8. Bd3 Bxd3 9. Qxd3 c6 10. 0-0 0-0 11. e4 Nd7 12. Rfe1 Re8 13. Rad1 Qc7 14. b3 a5 15. Bf4 Qb6 16. h3 Rad8 17. Qe2 Ra8 18. h4 a4 19. b4 Qxb4 20. Rb1 Qa5 21. Rxb7 Ra7 22. Rxa7 Qxa7 23. e5 dxe5 24. Bxe5 Bxe5 25. Nxe5 Nxe5 26. Qxe5 Rd8 27. Re4 Rd6 28. Qf4 Qb7 29. h5 gxh5 30. Qg5+ 1/2-1/2

[Event "Oberliga Nord N 1718"]
[Site "Germany"]
[Date "2017.10.23"]
[Round "2.4"]
[White "Zum Felde, Michael"]
[Black "Hinrichs, Lars"]
[Result "0-1"]
[WhiteElo "2131"]
[BlackElo "2202"]
[PlyCount "86"]
[EventDate "2017.10.08"]
[EventType "team-tourn"]
[EventRounds "9"]
[EventCountry "GER"]
[SourceTitle "EXT 2019"]
[Source "ChessBase"]
[SourceDate "2018.10.10"]
[SourceVersion "1"]
[SourceVersionDate "2018.10.10"]
[SourceQuality "1"]
[WhiteTeam "Bargteheide"]
[BlackTeam "Hamburger SK III"]
[WhiteTeamCountry "GER"]
[BlackTeamCountry "GER"]

1. c4 e5 2. Nc3 Nf6 3. Nf3 e4 4. Ng1 c6 5. d4 exd3 6. Qxd3 Na6 7. Nf3 Be7 8. e4 0-0 9. Be2 d5 10. cxd5 cxd5 11. Nxd5 Nxd5 12. exd5 Nb4 13. Qb3 Bf5 14. Nd4 Be4 15. 0-0 Bxd5 16. Qg3 Bf6 17. Bd2 Bxg2 18. Kxg2 Qxd4 19. Be3 Qxb2 20. Rab1 Qxe2 21. Rxb4 Qxa2 22. Rd1 a5 23. Rxb7 Qc2 24. Rdd7 Qe4+ 25. Qf3 Qxf3+ 26. Kxf3 a4 27. Rd2 a3 28. Ra2 Ra4 29. Ke2 h5 30. Kf1 g6 31. Bc5 Rfa8 32. Rb3 Bb2 33. Be7 f6 34. Bc5 g5 35. h3 Kf7 36. Kg2 Ke6 37. Rbxb2 axb2 38. Rxb2 Ra2 39. Rb6+ Kf5 40. Be3 R8a6 41. Rb8 R6a3 42. Rb5+ Kg6 43. Kf1 Rxe3 0-1

[Event "Oberliga Nord N 1617"]
[Site "Germany"]
[Date "2017.04.23"]
[Round "8.5"]
[White "Hinrichs, Lars"]
[Black "Gottuk, Stefan"]
[Result "1-0"]
[WhiteElo "2174"]
[BlackElo "2194"]
[PlyCount "85"]
[EventDate "2016.10.16"]
[EventType "team-tourn"]
[EventRounds "9"]
[EventCountry "GER"]
[SourceTitle "EXT 2018"]
[Source "ChessBase"]
[SourceDate "2017.10.13"]
[SourceVersion "1"]
[SourceVersionDate "2017.10.13"]
[SourceQuality "1"]
[WhiteTeam "Hamburger SK"]
[BlackTeam "Hamburg Diogenes"]
[WhiteTeamCountry "GER"]
[BlackTeamCountry "GER"]

1. e4 e6 2. d4 d5 3. Nc3 Nf6 4. Bg5 h6 5. Bxf6 Qxf6 6. exd5 Bb4 7. Bb5+ c6 8. dxc6 bxc6 9. Be2 0-0 10. Nf3 Rd8 11. 0-0 c5 12. Ne4 Qf4 13. a3 Ba5 14. Nxc5 Nc6 15. c3 Bc7 16. Qc1 Qf6 17. Rd1 Rb8 18. b4 g5 19. Qe3 g4 20. Ne4 Qg7 21. Ne5 Nxe5 22. dxe5 Qxe5 23. Rxd8+ Bxd8 24. Qg3 Qxg3 25. Nxg3 f5 26. Bc4 Kg7 27. Nh5+ Kg6 28. Nf4+ Kf6 29. Re1 Rb6 30. b5 Bc7 31. g3 Rd6 32. Nd3 Bb6 33. a4 Ba5 34. Rc1 e5 35. Nc5 Bb6 36. Nb3 a6 37. bxa6 Ba7 38. Bb5 Be6 39. c4 Rd3 40. Na5 Bb6 41. c5 Bxa5 42. Bxd3 Bd5 43. c6 1-0

[Event "Pfalz op-A 8th"]
[Site "Neustadt an der Weinstrasse"]
[Date "2017.02.27"]
[Round "6"]
[White "Hinrichs, Lars"]
[Black "Osmanodja, Filiz"]
[Result "0-1"]
[WhiteElo "2174"]
[BlackElo "2365"]
[PlyCount "130"]
[EventDate "2017.02.24"]
[EventType "swiss"]
[EventRounds "9"]
[EventCountry "GER"]
[SourceTitle "CBM 177 Extra"]
[Source "ChessBase"]
[SourceDate "2017.04.27"]
[SourceVersion "1"]
[SourceVersionDate "2017.04.27"]
[SourceQuality "1"]

1. e4 e5 2. Nc3 Nf6 3. g3 Bb4 4. Bg2 c6 5. d4 d5 6. exd5 Nxd5 7. Bd2 Nxc3 8. bxc3 Bd6 9. Nf3 exd4 10. 0-0 0-0 11. cxd4 Bg4 12. h3 Bf5 13. Re1 Nd7 14. c4 Nf6 15. Qb3 Qc8 16. g4 Be6 17. Ng5 Bd7 18. c5 Bc7 19. Re7 Be8 20. Rae1 h6 21. Rxe8 Rxe8 22. Qxf7+ Kh8 23. Rxe8+ Qxe8 24. Qxc7 hxg5 25. Qxb7 Rb8 26. Qxa7 Rb1+ 27. Kh2 Ne4 28. Be3 Rb2 29. Qc7 Nxf2 30. Qe5 Qxe5+ 31. dxe5 Nd3 32. Kg3 Nxe5 33. Bxg5 Rxa2 34. Bf4 Ra3+ 35. Kh2 Nd3 36. Bd6 Nb4 37. Be4 Kg8 38. Kg2 Kf7 39. Bf3 Ke6 40. h4 Rc3 41. Be4 Kf6 42. g5+ Ke6 43. h5 Re3 44. Bh7 Nd5 45. Bg8+ Kf5 46. h6 gxh6 47. gxh6 Kg6 48. h7 Kg7 49. Kf2 Re8 50. Bxd5 cxd5 51. c6 Kxh7 52. c7 Kg6 53. Be7 Rc8 54. Bd6 Re8 55. Be7 Rc8 56. Bd6 Kf5 57. Ke3 Ke6 58. Bg3 Rg8 59. Bf4 Kd7 60. Kd4 Rg4 61. Ke5 d4 62. Kf5 Rh4 63. Ke5 Rh8 64. Kf5 d3 65. Ke4 Rh4 0-1

[Event "Lueneburg op-A"]
[Site "Lueneburg"]
[Date "2016.07.06"]
[Round "7"]
[White "Hinrichs, Lars"]
[Black "Grabarczyk, Miroslaw"]
[Result "0-1"]
[WhiteElo "2157"]
[BlackElo "2445"]
[PlyCount "70"]
[EventDate "2016.07.01"]
[EventType "swiss"]
[EventRounds "9"]
[EventCountry "GER"]
[SourceTitle "CBM 173 Extra"]
[Source "ChessBase"]
[SourceDate "2016.08.29"]
[SourceVersion "1"]
[SourceVersionDate "2016.08.29"]
[SourceQuality "1"]

1. e4 e5 2. Nf3 Nc6 3. Bc4 Bc5 4. 0-0 d6 5. c3 Nf6 6. d3 a6 7. Bb3 Ba7 8. Re1 h6 9. Nbd2 0-0 10. h3 Re8 11. Nf1 Be6 12. Ng3 d5 13. exd5 Bxd5 14. Bc2 Qd7 15. Nh4 Bc5 16. Nhf5 Bf8 17. a4 Rad8 18. a5 Ne7 19. Rxe5 Nxf5 20. Rxf5 Bd6 21. Bf4 Be7 22. Qd2 Be6 23. Re5 Nd5 24. Bxh6 Bf6 25. Rh5 gxh6 26. c4 Ne7 27. Rxh6 Ng6 28. Nh5 Qd4 29. Re1 Bf5 30. Rxe8+ Rxe8 31. g4 Bd7 32. Kf1 Bc6 33. f4 Bh4 34. g5 Re1+ 35. Qxe1 Bxe1 0-1

[Event "Lueneburg op-A"]
[Site "Lueneburg"]
[Date "2016.07.02"]
[Round "2"]
[White "Bosselmann, Tom Linus"]
[Black "Hinrichs, Lars"]
[Result "0-1"]
[WhiteElo "1928"]
[BlackElo "2157"]
[PlyCount "86"]
[EventDate "2016.07.01"]
[EventType "swiss"]
[EventRounds "9"]
[EventCountry "GER"]
[SourceTitle "CBM 173 Extra"]
[Source "ChessBase"]
[SourceDate "2016.08.29"]
[SourceVersion "1"]
[SourceVersionDate "2016.08.29"]
[SourceQuality "1"]

1. e4 e5 2. Nf3 Nc6 3. Bc4 Bc5 4. b4 Bb6 5. c3 Nf6 6. d3 d6 7. Nbd2 0-0 8. 0-0 Ne7 9. Re1 c6 10. Bb3 Be6 11. Nf1 Ng6 12. Ng3 d5 13. Bb2 Qe7 14. Nf5 Qd7 15. Ng3 Rad8 16. Qc2 Bg4 17. Qd1 dxe4 18. Nxe4 Qxd3 19. Qxd3 Rxd3 20. Bc2 Rd7 21. Nfd2 Nxe4 22. Nxe4 h6 23. Bc1 Rfd8 24. h3 Bd1 25. Bb1 Ba4 26. Nd2 Rxd2 27. Bxd2 Rxd2 28. Bxg6 Bxf2+ 29. Kh1 Bxe1 30. Rxe1 fxg6 31. Rxe5 Rxa2 32. Re7 Bb5 33. Rxb7 Rc2 34. Rxa7 Rxc3 35. Kg1 Rb3 36. Kf2 Rxb4 37. Ra8+ Kh7 38. Rc8 Rb2+ 39. Kf3 Bc4 40. g4 Bd5+ 41. Kf4 Rb3 42. h4 Rb4+ 43. Kg3 Rxg4+ 0-1

[Event "Lueneburg op-A"]
[Site "Lueneburg"]
[Date "2016.07.01"]
[Round "1"]
[White "Hinrichs, Lars"]
[Black "Colbow, Collin"]
[Result "1-0"]
[WhiteElo "2157"]
[BlackElo "1794"]
[PlyCount "73"]
[EventDate "2016.07.01"]
[EventType "swiss"]
[EventRounds "9"]
[EventCountry "GER"]
[SourceTitle "CBM 173 Extra"]
[Source "ChessBase"]
[SourceDate "2016.08.29"]
[SourceVersion "1"]
[SourceVersionDate "2016.08.29"]
[SourceQuality "1"]

1. e4 e5 2. Nf3 Nc6 3. Bc4 Bc5 4. 0-0 Nf6 5. d3 0-0 6. c3 d5 7. exd5 Nxd5 8. b4 Be7 9. h3 Bf6 10. a3 Bf5 11. g4 Be6 12. Qc2 Qd7 13. Kh1 h5 14. g5 Bxh3 15. Rg1 Be7 16. b5 Na5 17. Nxe5 Qd6 18. f4 c6 19. a4 cxb5 20. axb5 Nxc4 21. dxc4 Nb6 22. Ba3 Qe6 23. Bxe7 Qxe7 24. Qh2 Bg4 25. Nd2 Rfd8 26. Rae1 Qc7 27. Ne4 Nxc4 28. Nxg4 hxg4 29. Nf6+ gxf6 30. gxf6 Qd7 31. Qh6 Qd5+ 32. Rg2 Qxg2+ 33. Kxg2 Rd2+ 34. Kg1 Rg2+ 35. Kxg2 Ne3+ 36. Rxe3 Re8 37. Qg7# 1-0

[Event "Bargteheide op"]
[Site "Bargteheide"]
[Date "2016.05.06"]
[Round "4"]
[White "Hinrichs, Lars"]
[Black "Colpe, Malte"]
[Result "1/2-1/2"]
[WhiteElo "2127"]
[BlackElo "2385"]
[PlyCount "79"]
[EventDate "2016.05.05"]
[EventType "swiss"]
[EventRounds "7"]
[EventCountry "GER"]
[SourceTitle "CBM 172 Extra"]
[Source "ChessBase"]
[SourceDate "2016.06.21"]
[SourceVersion "1"]
[SourceVersionDate "2016.06.21"]
[SourceQuality "1"]

1. e4 c5 2. Nf3 d6 3. d4 cxd4 4. Nxd4 Nf6 5. Nc3 a6 6. Be3 e5 7. Nf3 Be7 8. Bc4 0-0 9. 0-0 Be6 10. Bxe6 fxe6 11. Ng5 Qd7 12. f4 exf4 13. Bxf4 h6 14. Nh3 Nc6 15. Qd2 b5 16. a3 Ng4 17. Rad1 Nge5 18. b3 Rac8 19. Nf2 Qc7 20. Ne2 a5 21. Nd3 Rf6 22. Bg3 Qb6+ 23. Kh1 Rcf8 24. Rf4 Nxd3 25. cxd3 d5 26. exd5 exd5 27. Rxf6 Bxf6 28. Nf4 Bg5 29. h4 Bxf4 30. Bxf4 Qd4 31. g3 g5 32. hxg5 hxg5 33. Bd6 Rf5 34. Qe2 Qf2 35. Qe8+ Kh7 36. Re1 Ne5 37. Qh5+ Kg8 38. Qe8+ Kh7 39. Qh5+ Kg8 40. Qe8+ 1/2-1/2

[Event "Bargteheide op"]
[Site "Bargteheide"]
[Date "2016.05.06"]
[Round "3"]
[White "Kololli, Martin"]
[Black "Hinrichs, Lars"]
[Result "1/2-1/2"]
[WhiteElo "2259"]
[BlackElo "2127"]
[PlyCount "29"]
[EventDate "2016.05.05"]
[EventType "swiss"]
[EventRounds "7"]
[EventCountry "GER"]
[SourceTitle "CBM 172 Extra"]
[Source "ChessBase"]
[SourceDate "2016.06.21"]
[SourceVersion "1"]
[SourceVersionDate "2016.06.21"]
[SourceQuality "1"]

1. f4 Nh6 2. Nf3 d5 3. g3 g6 4. Bg2 Bg7 5. d3 c6 6. c3 0-0 7. 0-0 Nf5 8. Qe1 Qb6+ 9. Kh1 Ne3 10. Bxe3 Qxe3 11. d4 f6 12. Qd2 Qxd2 13. Nbxd2 Bg4 14. h3 Bxf3 15. Bxf3 1/2-1/2

[Event "GER-chT U20"]
[Site "Osnabrueck"]
[Date "2015.12.29"]
[Round "5.3"]
[White "Cech, Tim"]
[Black "Hinrichs, Lars"]
[Result "1/2-1/2"]
[WhiteElo "1947"]
[BlackElo "2180"]
[PlyCount "74"]
[EventDate "2015.12.27"]
[EventType "team-swiss"]
[EventRounds "7"]
[EventCountry "GER"]
[SourceTitle "EXT 2017"]
[Source "ChessBase"]
[SourceDate "2016.10.25"]
[SourceVersion "1"]
[SourceVersionDate "2016.10.25"]
[SourceQuality "1"]
[WhiteTeam "Potsdam"]
[BlackTeam "Hamburger SK"]
[WhiteTeamCountry "GER"]
[BlackTeamCountry "GER"]

1. Nf3 Nf6 2. g3 e6 3. Bg2 a6 4. 0-0 b5 5. Ne5 d5 6. d4 Be7 7. a4 Bb7 8. Qd3 b4 9. c3 0-0 10. cxb4 Bxb4 11. Bd2 Bd6 12. Qb3 Qc8 13. Bb4 Nbd7 14. Nd3 Bxb4 15. Qxb4 a5 16. Qa3 Ba6 17. Nd2 Rb8 18. Rab1 Bxd3 19. Qxd3 Rb4 20. b3 c5 21. Rfc1 Rxd4 22. Qxd4 cxd4 23. Rxc8 Rxc8 24. Nf3 e5 25. Bh3 Rc7 26. b4 Rb7 27. Rc1 axb4 28. Nxe5 g6 29. Nxd7 Nxd7 30. Bxd7 Rxd7 31. Rb1 Rb7 32. a5 b3 33. a6 Ra7 34. Rxb3 Rxa6 35. Rb4 Ra2 36. Rxd4 Rxe2 37. Rxd5 Kg7 1/2-1/2

[Event "GER-chT U20"]
[Site "Osnabrueck"]
[Date "2015.12.27"]
[Round "2.3"]
[White "Hinrichs, Lars"]
[Black "Baumann, Stephan"]
[Result "1/2-1/2"]
[WhiteElo "2180"]
[BlackElo "1992"]
[PlyCount "78"]
[EventDate "2015.12.27"]
[EventType "team-swiss"]
[EventRounds "7"]
[EventCountry "GER"]
[SourceTitle "EXT 2017"]
[Source "ChessBase"]
[SourceDate "2016.10.25"]
[SourceVersion "1"]
[SourceVersionDate "2016.10.25"]
[SourceQuality "1"]
[WhiteTeam "Hamburger SK"]
[BlackTeam "Muenster"]
[WhiteTeamCountry "GER"]
[BlackTeamCountry "GER"]

1. e4 e5 2. Nf3 Nc6 3. Bc4 Nf6 4. d3 Be7 5. 0-0 0-0 6. Re1 d6 7. a4 Kh8 8. h3 Ng8 9. Nc3 f5 10. Nd5 Nf6 11. Ng5 Ng8 12. Nxe7 Qxe7 13. exf5 Bxf5 14. c3 Qf6 15. Be3 Rad8 16. Qf3 h6 17. Bxg8 Kxg8 18. Ne4 Qg6 19. Qg3 Qe6 20. b4 b6 21. b5 Ne7 22. f3 Nd5 23. Rac1 Nxe3 24. Rxe3 Qb3 25. c4 Qxa4 26. Qe1 Bxe4 27. dxe4 a5 28. Qc3 Qb4 29. Qxb4 axb4 30. Rb3 Ra8 31. Rxb4 Ra2 32. Rb3 Rfa8 33. Rbc3 Kf7 34. R3c2 Kg6 35. Kf2 Kf7 36. Ke3 Ke6 37. Kd3 Kd7 38. Rxa2 Rxa2 39. Rc2 Ra3+ 1/2-1/2

[Event "GER-chT U20"]
[Site "Osnabrueck"]
[Date "2015.12.27"]
[Round "1.3"]
[White "Medvedovski, Michael"]
[Black "Hinrichs, Lars"]
[Result "1/2-1/2"]
[WhiteElo "1980"]
[BlackElo "2180"]
[PlyCount "136"]
[EventDate "2015.12.27"]
[EventType "team-swiss"]
[EventRounds "7"]
[EventCountry "GER"]
[SourceTitle "EXT 2017"]
[Source "ChessBase"]
[SourceDate "2016.10.25"]
[SourceVersion "1"]
[SourceVersionDate "2016.10.25"]
[SourceQuality "1"]
[WhiteTeam "Frankfurt"]
[BlackTeam "Hamburger SK"]
[WhiteTeamCountry "GER"]
[BlackTeamCountry "GER"]

1. e4 e6 2. Nf3 d5 3. Nc3 Nf6 4. e5 Nfd7 5. d4 c5 6. dxc5 Nc6 7. Bf4 Nxc5 8. Bd3 Be7 9. 0-0 g5 10. Bg3 h5 11. h3 Qb6 12. a3 Bd7 13. b4 Nxd3 14. cxd3 Nd4 15. Nxd4 Qxd4 16. Qd2 g4 17. Ne2 Qb6 18. Bf4 Rg8 19. hxg4 Rxg4 20. Qe3 Qxe3 21. Bxe3 a5 22. f3 Rg8 23. Bc5 f6 24. exf6 Bxf6 25. Rae1 Kf7 26. Nf4 h4 27. d4 axb4 28. axb4 Ra4 29. Ra1 Rga8 30. Rxa4 Rxa4 31. Rb1 Bb5 32. Kf2 Ra2+ 33. Kg1 Rd2 34. Re1 Bd7 35. Ne2 Be7 36. Kf2 Bb5 37. Ke3 Rb2 38. Bxe7 Kxe7 39. Nf4 Rxb4 40. Ng6+ Kf6 41. Nxh4 Rb2 42. f4 Bc4 43. g4 Rh2 44. Nf3 Ra2 45. Ne5 b5 46. Rh1 Kg7 47. g5 b4 48. g6 Rg2 49. Kf3 Rxg6 50. Nxg6 Kxg6 51. Rh8 b3 52. Rb8 Kf5 53. Rb6 Kf6 54. Kg4 Be2+ 55. Kg3 Bc4 56. Kf3 Kf5 57. Ke3 Kf6 58. Rb8 Kf5 59. Rf8+ Kg4 60. Rg8+ Kf5 61. Rg5+ Kf6 62. Kd2 Ke7 63. Re5 Kf6 64. Kc3 Kf7 65. f5 exf5 66. Rxf5+ Ke6 67. Rh5 Kd6 68. Rh6+ Kc7 1/2-1/2

[Event "Oberliga Nord N 1516"]
[Site "Germany"]
[Date "2015.11.15"]
[Round "3.5"]
[White "Hinrichs, Lars"]
[Black "Wenzel, Birger"]
[Result "1/2-1/2"]
[WhiteElo "2242"]
[BlackElo "1952"]
[PlyCount "91"]
[EventDate "2015.09.20"]
[EventType "team-tourn"]
[EventRounds "9"]
[EventCountry "GER"]
[SourceTitle "CBM 170 Extra"]
[Source "ChessBase"]
[SourceDate "2016.02.25"]
[SourceVersion "1"]
[SourceVersionDate "2016.02.25"]
[SourceQuality "1"]
[WhiteTeam "Hamburger SK III"]
[BlackTeam "Eppendorf Johanneum"]
[WhiteTeamCountry "GER"]
[BlackTeamCountry "GER"]

1. e4 c5 2. Nf3 d6 3. d4 Nf6 4. Nc3 cxd4 5. Nxd4 a6 6. Be3 e5 7. Nf3 Qc7 8. a4 Be7 9. a5 Nc6 10. Bb6 Qd7 11. Nd2 d5 12. exd5 Nxd5 13. Nxd5 Qxd5 14. Nc4 Qxd1+ 15. Rxd1 0-0 16. Be2 Be6 17. c3 Rac8 18. 0-0 e4 19. Rfe1 f5 20. Bf1 Nd8 21. b3 Rc6 22. Bd4 Nf7 23. Re3 Bg5 24. Ree1 h5 25. Ne5 Nxe5 26. Bxe5 Bf6 27. Bxf6 Rxf6 28. c4 Rf8 29. Rd4 Rfc8 30. f3 exf3 31. gxf3 Kf7 32. f4 R6c7 33. Bg2 Re8 34. Rd6 Bd7 35. Bd5+ Kf8 36. Rxe8+ Kxe8 37. Rg6 Bc6 38. Bxc6+ bxc6 39. Rg5 Rb7 40. Rxf5 Rxb3 41. Rxh5 Rb4 42. Rg5 Rxc4 43. Rxg7 Rxf4 44. Ra7 Ra4 45. Rxa6 Ra2 46. Rxc6 1/2-1/2